[Event "Tata Steel Tienkamp"]
[Site "Wijk aan Zee"]
[Date "2024.01.24"]
[Round "6"]
[White "Baselmans, Luuk"]
[Black "Abdulla, Murad"]
[Result "1-0"]
[WhiteElo "2323"]
[BlackElo "2332"]
[PlyCount "75"]
[EventDate "2024.01.19"]
[EventType "tourn"]
[EventRounds "9"]
[EventCountry "NED"]
[EventCategory "6"]
[SourceTitle "CB05_2024"]
[SourceDate "2024.01.31"]
[SourceVersion "1"]
[SourceVersionDate "2024.01.31"]
[SourceQuality "1"]

1. e4 g6 2. d4 Bg7 3. Nc3 a6 4. h4 h5 5. Be3 b5 6. Nh3 Bb7 7. Ng5 d6 8. g4 hxg4 9. Qxg4 Nd7 10. Bh3 Ngf6 11. Qg2 Nf8 12. 0-0-0 e6 13. d5 Qe7 14. dxe6 fxe6 15. f4 0-0-0 16. Qd2 Kb8 17. Bg2 N8d7 18. Qe2 Nh5 19. Rh3 Nb6 20. e5 d5 21. Bxb6 cxb6 22. Qg4 Bc8 23. Ne2 Bd7 24. Kb1 Rc8 25. Rc3 Rhf8 26. Rxc8+ Bxc8 27. Nd4 Bd7 28. Rf1 Bh6 29. Ngxe6 Nxf4 30. Nxf8 Bxg4 31. Nc6+ Kc7 32. Nxe7 Nxg2 33. Nxd5+ Kc6 34. Nb4+ Kc5 35. Nd3+ Kd5 36. Nxg6 Ne3 37. Rf6 Bg7 38. Ne7+ 1-0

[Event "Tata Steel Tienkamp"]
[Site "Wijk aan Zee"]
[Date "2024.01.23"]
[Round "5"]
[White "Abdulla, Murad"]
[Black "Niermann, Tristan"]
[Result "1-0"]
[WhiteElo "2332"]
[BlackElo "2413"]
[PlyCount "87"]
[EventDate "2024.01.19"]
[EventType "tourn"]
[EventRounds "9"]
[EventCountry "NED"]
[EventCategory "6"]
[SourceTitle "CB05_2024"]
[SourceDate "2024.01.31"]
[SourceVersion "1"]
[SourceVersionDate "2024.01.31"]
[SourceQuality "1"]

1. e4 c5 2. Nf3 Nc6 3. d4 cxd4 4. Nxd4 e5 5. Nb5 d6 6. c4 Be6 7. N1c3 a6 8. Na3 g6 9. Be3 Nf6 10. h3 Bg7 11. Be2 0-0 12. Nc2 Rc8 13. b3 b5 14. cxb5 axb5 15. Bf3 Ne7 16. Bd2 d5 17. exd5 Nexd5 18. Nxb5 e4 19. Be2 e3 20. Nxe3 Ne4 21. Rb1 Qh4 22. 0-0 Rfd8 23. Qe1 Nxd2 24. Qxd2 Nc3 25. Qe1 Nxb1 26. Qxb1 Rd2 27. Bc4 Bxh3 28. Qe1 Rd7 29. gxh3 Re8 30. Ng2 Qd8 31. Qc1 Rd2 32. Nc3 Qd4 33. Nd5 Rxa2 34. Qf4 Re4 35. Qf3 Ra7 36. Nge3 h5 37. Rd1 Ra1 38. Rxa1 Qxa1+ 39. Kg2 Qe5 40. Qg3 Qe8 41. Nf6+ Bxf6 42. Qxg6+ Kf8 43. Qxf6 Qd7 44. Nf5 1-0

[Event "Amsterdam Science Park op-A"]
[Site "Amsterdam"]
[Date "2023.07.19"]
[Round "5"]
[White "Abdulla, Murad"]
[Black "Shakhverdian, William"]
[Result "1-0"]
[WhiteElo "2307"]
[BlackElo "2129"]
[PlyCount "79"]
[EventDate "2023.07.15"]
[EventType "swiss"]
[EventRounds "9"]
[EventCountry "NED"]
[SourceTitle "CBM 215 Extra"]
[Source "ChessBase"]
[SourceDate "2023.09.30"]
[SourceVersion "1"]
[SourceVersionDate "2023.09.30"]
[SourceQuality "1"]

1. e4 e5 2. Nf3 Nc6 3. Bc4 Bc5 4. d3 Nf6 5. c3 0-0 6. 0-0 d5 7. exd5 Nxd5 8. b4 Be7 9. h3 Nb6 10. Bb3 a6 11. Qe2 Bf6 12. Nbd2 Nd5 13. Ne4 Be7 14. Rd1 Kh8 15. Qe1 f5 16. Ng3 Qd6 17. a3 Nf4 18. Bc2 Bf6 19. a4 Bd7 20. a5 Ne7 21. d4 e4 22. Ne5 Nfg6 23. Nc4 Qc6 24. Nb2 Qe6 25. c4 c6 26. Qe2 Qd6 27. Na4 Rad8 28. Nc5 Bc8 29. Nb3 Be6 30. Bd2 Qc7 31. Nh5 Bxd4 32. Nxd4 Rxd4 33. Bc3 Bxc4 34. Qe3 Rxd1+ 35. Rxd1 Ne5 36. f4 Nd5 37. Rxd5 Bxd5 38. Bxe5 Qe7 39. Bxg7+ Kg8 40. Bxf8 1-0

[Event "Utrecht OKU op 48th"]
[Site "Utrecht"]
[Date "2023.05.21"]
[Round "5"]
[White "Abdulla, Murad"]
[Black "Van de Griendt, Jan Willem"]
[Result "1-0"]
[WhiteElo "2307"]
[BlackElo "2365"]
[PlyCount "61"]
[EventDate "2023.05.19"]
[EventType "swiss"]
[EventRounds "6"]
[EventCountry "NED"]
[SourceTitle "CBM 214 Extra"]
[Source "ChessBase"]
[SourceDate "2023.07.31"]
[SourceVersion "1"]
[SourceVersionDate "2023.07.31"]
[SourceQuality "1"]

1. e4 c5 2. Nf3 d6 3. d4 cxd4 4. Nxd4 Nf6 5. Nc3 a6 6. h3 g6 7. g4 h6 8. Be3 Nbd7 9. a4 Nc5 10. Bg2 e5 11. Nde2 b6 12. Qd2 Bb7 13. Ng3 Rc8 14. f4 Nfd7 15. f5 Nf6 16. fxg6 fxg6 17. 0-0 Bg7 18. Rad1 Ke7 19. b4 Ne6 20. Nd5+ Bxd5 21. exd5 Nf8 22. Ne4 Nxe4 23. Bxe4 b5 24. axb5 axb5 25. Ra1 Rc7 26. Bb6 Nd7 27. Bxc7 Qxc7 28. Bxg6 Bf6 29. Bf5 Nb6 30. Be6 Rh7 31. Qf2 1-0

[Event "Titled Tuesday intern op 10th Jan Late"]
[Site "Chess.com INT"]
[Date "2023.01.10"]
[Round "3"]
[White "Kourkoulos Arditis, Stamatis"]
[Black "Abdulla, Murad"]
[Result "1-0"]
[WhiteElo "2537"]
[BlackElo "2307"]
[PlyCount "74"]
[EventDate "2023.01.10"]
[EventType "swiss (blitz)"]
[EventRounds "11"]
[EventCountry "USA"]
[SourceTitle "EXT 2024"]
[Source "ChessBase"]
[SourceDate "2023.10.10"]
[SourceVersion "1"]
[SourceVersionDate "2023.10.10"]
[SourceQuality "1"]

1. b3 e5 2. Bb2 Nc6 3. e3 Nf6 4. Bb5 Bd6 5. Na3 Na5 6. Be2 0-0 7. Nb5 Qe7 8. Nxd6 Qxd6 9. Nf3 Nc6 10. 0-0 b6 11. d4 e4 12. Ne5 Bb7 13. c4 Qe7 14. Rc1 d6 15. Nxc6 Bxc6 16. d5 Bb7 17. Qd4 a5 18. f4 exf3 19. gxf3 Ne8 20. e4 f6 21. Kh1 a4 22. b4 a3 23. Bc3 Qe5 24. Qe3 Qh5 25. Rg1 Kh8 26. Rg3 Qh6 27. f4 Bc8 28. Rcg1 Rf7 29. Qf2 Re7 30. Bd3 g6 31. f5 Rg7 32. fxg6 Rxg6 33. e5 Rxg3 34. Qxg3 Qg7 35. exf6 Qf7 36. Qg8+ Qxg8 37. f7+ Nf6 1-0

[Event "SCO-ch op 127th"]
[Site "Edinburgh"]
[Date "2022.07.07"]
[Round "6"]
[White "Abdulla, Murad"]
[Black "Koehn, Lennart"]
[Result "1/2-1/2"]
[WhiteElo "2287"]
[BlackElo "2098"]
[PlyCount "148"]
[EventDate "2022.07.02"]
[EventType "swiss"]
[EventRounds "9"]
[EventCountry "SCO"]
[SourceTitle "CBM 209 Extra"]
[Source "ChessBase"]
[SourceDate "2022.09.30"]
[SourceVersion "1"]
[SourceVersionDate "2022.09.30"]
[SourceQuality "1"]

1. e4 c5 2. Nf3 e6 3. d4 cxd4 4. Nxd4 a6 5. Nc3 Qc7 6. Bd3 Nf6 7. Qe2 d6 8. g4 h6 9. f4 Nbd7 10. Nb3 b5 11. Bd2 Bb7 12. a3 Be7 13. Rg1 Rc8 14. 0-0-0 Nc5 15. Nxc5 dxc5 16. e5 Nd5 17. Nxd5 Bxd5 18. c4 bxc4 19. Bxc4 Bxc4 20. Qxc4 Qc6 21. Bc3 0-0 22. g5 hxg5 23. fxg5 g6 24. Qf4 Rcd8 25. Rdf1 Rd3 26. Rg3 Rxg3 27. Qxg3 Qe4 28. h4 Rd8 29. Qf4 Qf5 30. Qc4 Qh3 31. Qf4 Qf5 32. Qc4 Qh3 33. Kc2 Qg2+ 34. Kb1 Qh3 35. Ka2 Rd3 36. Rf4 Qg3 37. Rg4 Qf3 38. Rf4 Qe3 39. Qe4 Qxe4 40. Rxe4 Rd7 41. Ra4 Ra7 42. Ra5 Kf8 43. Be1 Ke8 44. Bf2 Bd8 45. Ra4 Be7 46. Kb3 Rb7+ 47. Kc3 Rb6 48. Ra5 Rc6 49. Ra4 Bd8 50. Rf4 Bc7 51. Re4 c4 52. Bg3 Ba5+ 53. Kc2 Bb6 54. Be1 Bc7 55. Bc3 Rc5 56. Kd2 Kd7 57. Ke3 Ke8 58. Kf4 Rc6 59. Kg4 Rc5 60. h5 gxh5+ 61. Kxh5 Ba5 62. Bd4 Rc6 63. Re3 Bb6 64. Bxb6 Rxb6 65. Re2 Rb3 66. Rc2 c3 67. bxc3 Rxa3 68. g6 fxg6+ 69. Kxg6 Ke7 70. Rb2 Rxc3 71. Rb7+ Kd8 72. Rb6 Ke7 73. Rb7+ Kd8 74. Rb6 Ke7 1/2-1/2

[Event "Speed Chess GP1"]
[Site "Chess.com INT"]
[Date "2021.09.18"]
[Round "8"]
[White "Abdulla, Murad"]
[Black "Pohjala, Henri"]
[Result "0-1"]
[WhiteElo "2287"]
[BlackElo "2355"]
[PlyCount "110"]
[EventDate "2021.09.18"]
[EventType "swiss (blitz)"]
[EventRounds "10"]
[EventCountry "USA"]
[SourceTitle "CBM 204 Extra"]
[Source "ChessBase"]
[SourceDate "2021.11.30"]
[SourceVersion "1"]
[SourceVersionDate "2021.11.30"]
[SourceQuality "1"]

1. e4 d5 2. e5 c5 3. Nf3 Nc6 4. h3 g6 5. d3 Bg7 6. Bf4 f6 7. exf6 Nxf6 8. c3 0-0 9. Be2 Nh5 10. Bg5 h6 11. Bd2 Nf4 12. 0-0 e5 13. Re1 Qf6 14. Bxf4 Qxf4 15. Nbd2 Kh8 16. Bf1 g5 17. Qb3 h5 18. Qxd5 g4 19. hxg4 hxg4 20. Re4 Qf6 21. Qxc5 Bf5 22. Nh2 b6 23. Qe3 Bh6 24. Qe2 g3 25. fxg3 Bxd2 26. Rh4+ Bh6 27. Qh5 Kg7 28. Be2 Qg5 29. g4 Bg6 30. Qxg5 Bxg5 31. Rh3 Rad8 32. Nf3 Be3+ 33. Kh1 Rh8 34. Nh4 Bg5 35. Nf5+ Bxf5 36. gxf5 Rxh3+ 37. gxh3 Kf6 38. Rf1 Bf4 39. d4 Ne7 40. dxe5+ Bxe5 41. Bg4 Rd2 42. a4 Nd5 43. a5 Ne3 44. Re1 Nc2 45. Re2 Rxe2 46. Bxe2 Ne3 47. axb6 axb6 48. Bd3 Nxf5 49. Kg2 Ne3+ 50. Kf3 Nd1 51. b3 Nxc3 52. Kg4 Bd4 53. h4 Kg7 54. h5 Kh6 55. Bg6 Nd5 0-1

[Event "Speed Chess GP1"]
[Site "Chess.com INT"]
[Date "2021.09.18"]
[Round "10"]
[White "Harshavardhan, GB."]
[Black "Abdulla, Murad"]
[Result "1-0"]
[WhiteElo "2397"]
[BlackElo "2287"]
[PlyCount "59"]
[EventDate "2021.09.18"]
[EventType "swiss (blitz)"]
[EventRounds "10"]
[EventCountry "USA"]
[SourceTitle "CBM 204 Extra"]
[Source "ChessBase"]
[SourceDate "2021.11.30"]
[SourceVersion "1"]
[SourceVersionDate "2021.11.30"]
[SourceQuality "1"]

1. e4 c5 2. Nf3 d6 3. d4 cxd4 4. Nxd4 Nf6 5. Nc3 g6 6. Be3 Bg7 7. f3 0-0 8. Qd2 Nc6 9. Bc4 Nxd4 10. Bxd4 Be6 11. Bxe6 fxe6 12. 0-0-0 Qa5 13. Kb1 Rac8 14. h4 Nd7 15. Bxg7 Kxg7 16. Qd4+ Ne5 17. h5 g5 18. h6+ Kg8 19. Rh5 Rf6 20. Rxg5+ Kf8 21. Rg7 Rxh6 22. Rg5 Qc5 23. Qd2 Qb4 24. Rxe5 dxe5 25. Qxh6+ Kf7 26. Qxh7+ Kf6 27. Rh1 Rxc3 28. Rh6+ Kg5 29. Rg6+ Kf4 30. Qh6# 1-0

[Event "Speed Chess GP1"]
[Site "Chess.com INT"]
[Date "2021.09.18"]
[Round "3"]
[White "Schut, Han"]
[Black "Abdulla, Murad"]
[Result "0-1"]
[WhiteElo "2101"]
[BlackElo "2287"]
[PlyCount "96"]
[EventDate "2021.09.18"]
[EventType "swiss (blitz)"]
[EventRounds "10"]
[EventCountry "USA"]
[SourceTitle "CBM 204 Extra"]
[Source "ChessBase"]
[SourceDate "2021.11.30"]
[SourceVersion "1"]
[SourceVersionDate "2021.11.30"]
[SourceQuality "1"]

1. e4 c5 2. Nf3 d6 3. d4 cxd4 4. Nxd4 Nf6 5. f3 a6 6. c4 e5 7. Nc2 Be7 8. Nc3 0-0 9. Be3 h6 10. Qd2 Nc6 11. Be2 Be6 12. 0-0 Rc8 13. Rfd1 Ne8 14. Rac1 f5 15. exf5 Bxf5 16. Nd5 Bg5 17. b3 Bxe3+ 18. Ncxe3 Be6 19. Bd3 Nd4 20. Be4 b5 21. cxb5 axb5 22. Rxc8 Bxc8 23. Rc1 Be6 24. Nc2 Nf5 25. Bxf5 Bxf5 26. Ncb4 Kh8 27. Nc6 Qa8 28. Kh1 e4 29. f4 Nf6 30. Ne3 Bd7 31. Qxd6 Bxc6 32. Qxc6 Qxa2 33. Qc2 Qa7 34. Qc5 Qb8 35. g3 Re8 36. Qc7 Qa8 37. Nf5 e3+ 38. Kg1 Rg8 39. Qc6 Qa3 40. Qc3 Qf8 41. Nxe3 Ne4 42. Qd4 Nf6 43. Kg2 Qe8 44. Re1 Qa8+ 45. Kg1 Rd8 46. Qe5 Qa7 47. b4 Ng4 48. Qc5 Qd7 0-1

[Event "Titled Tuesday intern op 14th Sept"]
[Site "Chess.com INT"]
[Date "2021.09.14"]
[Round "1"]
[White "Svane, Rasmus"]
[Black "Abdulla, Murad"]
[Result "1-0"]
[WhiteElo "2623"]
[BlackElo "2287"]
[PlyCount "79"]
[EventDate "2021.09.14"]
[EventType "swiss (blitz)"]
[EventRounds "11"]
[EventCountry "USA"]
[SourceTitle "EXT 2022"]
[Source "ChessBase"]
[SourceDate "2021.10.06"]
[SourceVersion "1"]
[SourceVersionDate "2021.10.06"]
[SourceQuality "1"]

1. Nf3 c5 2. c4 Nc6 3. e3 Nf6 4. Nc3 g6 5. d4 cxd4 6. exd4 d5 7. cxd5 Nxd5 8. Qb3 e6 9. Bb5 Bg7 10. 0-0 0-0 11. Bxc6 bxc6 12. Re1 Ba6 13. Ne4 Rb8 14. Qd1 Nb4 15. Nc5 Bc4 16. Bf4 Rb6 17. b3 Bd5 18. Ne5 Bxe5 19. Rxe5 Na6 20. Nd3 Nb4 21. Nc5 Na6 22. Na4 Rb7 23. Re3 f6 24. h4 Qe7 25. Rc1 Qb4 26. Rd3 e5 27. Bd2 Qb5 28. Bh6 e4 29. Re3 Re8 30. Nc3 Qa5 31. Qd2 Rbe7 32. Nxe4 Qxd2 33. Nxd2 Rxe3 34. fxe3 Nb4 35. a3 Na6 36. e4 Bxe4 37. Nxe4 Rxe4 38. Rxc6 Rxh4 39. Be3 Re4 40. Kf2 1-0

[Event "Online Olym Div2 C"]
[Site "Chess.com INT"]
[Date "2021.09.04"]
[Round "7.5"]
[White "Abdulla, Murad"]
[Black "Potpara, Nikola"]
[Result "0-1"]
[WhiteElo "2287"]
[BlackElo "2374"]
[PlyCount "102"]
[EventDate "2021.09.02"]
[EventType "team (rapid)"]
[EventRounds "9"]
[EventCountry "USA"]
[SourceTitle "CBM 204 Extra"]
[Source "ChessBase"]
[SourceDate "2021.11.30"]
[SourceVersion "1"]
[SourceVersionDate "2021.11.30"]
[SourceQuality "1"]
[WhiteTeam "Scotland"]
[BlackTeam "Montenegro"]
[WhiteTeamCountry "SCO"]
[BlackTeamCountry "MNE"]

1. e4 c5 2. Nf3 g6 3. d4 cxd4 4. Qxd4 Nf6 5. Nc3 Nc6 6. Qa4 d6 7. e5 dxe5 8. Nxe5 Bd7 9. Nxd7 Nxd7 10. Bd2 Bg7 11. h4 Nb6 12. Qe4 Qd4 13. 0-0-0 0-0 14. Be3 Qb4 15. Qxb4 Nxb4 16. a3 Bxc3 17. bxc3 N4d5 18. Bd4 Rac8 19. Rh3 f6 20. c4 Nxc4 21. Bxa7 e6 22. Bd4 Kf7 23. Rb3 Nd6 24. f3 Rc6 25. Kb1 Rfc8 26. Rb2 R8c7 27. g3 Nf5 28. Bf2 Nc3+ 29. Kc1 Nxd1 30. Kxd1 Nd6 31. Bd3 Nc4 32. Rb3 f5 33. f4 Rd7 34. Ke2 Nd6 35. Kf3 b5 36. Bd4 Nc4 37. Be3 e5 38. Bxc4+ bxc4 39. Rb8 e4+ 40. Ke2 c3 41. a4 Rc4 42. Rb3 Rdc7 43. a5 Ra4 44. Bb6 Rc8 45. Ke3 Ra2 46. Bd4 Rxc2 47. Rb7+ Ke6 48. a6 Ra2 49. a7 c2 50. Rb6+ Kd5 51. Rb5+ Kc4 0-1

[Event "Titled Tuesday intern op 17th Aug"]
[Site "Chess.com INT"]
[Date "2021.08.17"]
[Round "1"]
[White "Abdulla, Murad"]
[Black "Tqebuchava, Zurab"]
[Result "1-0"]
[WhiteElo "2287"]
[BlackElo "2303"]
[PlyCount "77"]
[EventDate "2021.08.17"]
[EventType "swiss (blitz)"]
[EventRounds "11"]
[EventCountry "USA"]
[SourceTitle "EXT 2022"]
[Source "ChessBase"]
[SourceDate "2021.10.06"]
[SourceVersion "1"]
[SourceVersionDate "2021.10.06"]
[SourceQuality "1"]

1. e4 g6 2. d4 Bg7 3. Nc3 c6 4. Nf3 d6 5. a4 Bg4 6. Be2 a5 7. h3 Bxf3 8. Bxf3 Nd7 9. 0-0 Ngf6 10. Re1 e5 11. Be3 0-0 12. g3 Qc7 13. Bg2 Rfe8 14. Qd2 exd4 15. Bxd4 Rad8 16. Rad1 Ne5 17. b3 Ned7 18. Qc1 Nf8 19. Qe3 N6d7 20. Bxg7 Kxg7 21. Qd4+ Nf6 22. f4 Ne6 23. Qd2 Qb6+ 24. Kh2 Nc5 25. Re2 Qb4 26. Rde1 h5 27. Bf3 Ne6 28. Re3 Qd4 29. Qxd4 Nxd4 30. Bd1 Re7 31. g4 hxg4 32. hxg4 Rh8+ 33. Kg3 Ne6 34. g5 Nh5+ 35. Bxh5 Rxh5 36. Nd1 Re8 37. Nf2 Reh8 38. Rd1 Rh4 39. Rf3 1-0